Lítium ako perspektívna komodita vo svetovom obchode bakalárska práca

Saved in:
Bibliographic Details
Main Author: Orolín, Erik
Corporate Author: Fakulta medzinárodných vzťahov EU. Katedra medzinárodných ekonomických vzťahov a hospodárskej diplomacie
Other Authors: Raneta, Leonid, 1982-
Format: Book
Language:Slovak
Published: Bratislava 2019
Tags: Add Tag
No Tags, Be the first to tag this record!

MARC

LEADER 00000nbm a2200000 4500
001 0257821
005 20191002110225.2
041 0 |a slo 
044 |a SK 
245 1 0 |a Lítium ako perspektívna komodita vo svetovom obchode  |b bakalárska práca  |c Erik Orolín ; školiteľ: Leonid Raneta 
264 1 |a Bratislava  |c 2019 
300 |a 48 s. 
100 1 |a Orolín, Erik 
700 1 |a Raneta, Leonid, 1982- 
710 2 |a Fakulta medzinárodných vzťahov EU. Katedra medzinárodných ekonomických vzťahov a hospodárskej diplomacie